Nhiệt động hoá học

Kaydedildi:
Detaylı Bibliyografya
Yazar: Đào, Văn Lượng
Materyal Türü: Kitap
Dil:Undetermined
Baskı/Yayın Bilgisi: Hà Nội Khoa học và Kỹ thuật 2005
Konular:
Etiketler: Etiketle
Etiket eklenmemiş, İlk siz ekleyin!
Thư viện lưu trữ: Trung tâm Học liệu Trường Đại học Cần Thơ
LEADER 00760nam a2200229Ia 4500
001 CTU_131513
008 210402s9999 xx 000 0 und d
020 |c 33000 
082 |a 541.36 
082 |b L561 
100 |a Đào, Văn Lượng 
245 0 |a Nhiệt động hoá học 
245 0 |c Đào Văn Lượng 
260 |a Hà Nội 
260 |b Khoa học và Kỹ thuật 
260 |c 2005 
526 |a Các quá trình hóa lý trong công nghệ thực phẩm 
526 |b NS231 
650 |a Hoá học,Thermochemistry,Nhiệt hoá học,Chemistry 
650 |x Nghiên cứu và giảng dạy,Study and teaching 
904 |i Hiếu 
980 |a Trung tâm Học liệu Trường Đại học Cần Thơ